Power Electronics : Circuits, Devices, and Applications
Đã lưu trong:
| 主要作者: | |
|---|---|
| 格式: | 圖書 |
| 語言: | Undetermined |
| 出版: |
London
Pearson Education, Inc
2004
|
| 主題: | |
| 標簽: |
添加標簽
沒有標簽, 成為第一個標記此記錄!
|
| Thư viện lưu trữ: | Trung tâm Học liệu Trường Đại học Cần Thơ |
|---|
| LEADER | 00643nam a2200229Ia 4500 | ||
|---|---|---|---|
| 001 | CTU_88067 | ||
| 008 | 210402s9999 xx 000 0 und d | ||
| 020 | |c 58.00 | ||
| 082 | |a 621.31 | ||
| 082 | |b R222 | ||
| 100 | |a Rashid, Muhammad H. | ||
| 245 | 0 | |a Power Electronics : | |
| 245 | 0 | |b Circuits, Devices, and Applications | |
| 245 | 0 | |c Muhammad H. Rashid | |
| 260 | |a London | ||
| 260 | |b Pearson Education, Inc | ||
| 260 | |c 2004 | ||
| 526 | |a TT. Điện tử công suất và ứng dụng | ||
| 526 | |b CT396 | ||
| 650 | |a Power electronics | ||
| 904 | |i Năm | ||
| 980 | |a Trung tâm Học liệu Trường Đại học Cần Thơ | ||